000 00310nam a22001217a 4500
003 PILC
005 20150826115324.0
008 150826b xxu||||| |||| 00| 0 eng d
050 _aPE 1417
_b.R332
245 _aReference readings :
_bCICS /
300 _a101 pages :
_billustrations ;
_c28 cm.
942 _2lcc
_cBK
999 _c288506
_d288506